[Event "EYCC Open U12 2018"]
[Site "Riga"]
[Date "2018.08.27"]
[Round "7"]
[White "Murzin, Volodar"]
[Black "Siniauski, Artsiom"]
[Result "1-0"]
[WhiteElo "2306"]
[BlackElo "2081"]
[Annotator "TA"]
[PlyCount "67"]
[EventDate "2018.08.20"]
[EventType "swiss"]
[EventCountry "LAT"]
[SourceTitle "playchess.com"]
[Source "ChessBase"]
[SourceQuality "1"]

{[%evp 16,67,33,28,34,38,40,43,38,70,52,43,40,22,137,133,124,95,113,117,116,145,154,60,313,332,330,344,335,312,328,335,380,382,386,378,366,356,808,805,781,716,683,708,917,907,1089,1143,1097,1112,1063,1058,935,956]} 1. e4 {[%cal Be2e4,Be4e5][%mdl 32]} e6 2. d4 d5 3. Nc3 Nf6 4. e5 Nfd7 5. f4 c5 6. Nf3 Nc6 7. Be3 a6 8. Ne2 {C11: French: Classical System: 4 e5 and 4 Bg5 dxe4} b5 (8... f5 9. c3 Be7 10. Rg1 c4 11. g4 g6 12. gxf5 exf5 13. Kf2 b5 14. b3 Nb6 15. Ng3 Be6 {½-½ (49) Anand,V (2782)-Short,N (2678) Riadh 2017}) 9. c3 {LiveBook: 5 Games} Qb6 10. g3 {White is slightly better.} b4 11. Bg2 bxc3 $146 ({Predecessor:} 11... cxd4 12. cxd4 a5 13. O-O Be7 14. Qd2 f5 15. h3 O-O {½-½ (26) Slingerland,C-Dubinka,I Guarapuava 1991}) 12. bxc3 cxd4 13. cxd4 Bb4+ 14. Kf2 {Black should prevent Rb1.} O-O (14... Na5 $11 {keeps the balance.}) 15. Rb1 $16 Qc7 16. Qc2 a5 17. Ng5 {[%csl Gg5][%cal Rc2h7]} g6 18. h4 $36 {[%mdl 2048] Threatens to win with h5. White is in control.} Be7 19. Rhc1 (19. f5 $16) 19... Bb7 $2 {[%mdl 8192] [#]} ({Black should try} 19... Rb8 $1 $14) 20. Nxe6 $1 $18 {[%mdl 512]} fxe6 {[#]} 21. Rxb7 $1 {[%mdl 512]} Qxb7 22. Qxc6 Qxc6 23. Rxc6 Kf7 24. Bh3 Rfd8 25. Bxe6+ Ke8 26. Nc3 Nc5 $2 (26... Rac8 27. Bxd5 Nb8) 27. dxc5 {White is clearly winning.} d4 28. Bxd4 Rxd4 29. Nb5 Rd2+ 30. Ke3 Rad8 31. Nd6+ Bxd6 32. cxd6 Rd1 33. Rc7 R8xd6 34. Bf7+ {Precision: White = 77%, Black = 42%.} 1-0

[Event "EYCC Open U12 2018"]
[Site "Riga"]
[Date "2018.08.27"]
[Round "7"]
[White "Grebnev, Aleksey"]
[Black "Safin, Robert"]
[Result "1-0"]
[WhiteElo "2143"]
[BlackElo "2156"]
[Annotator "TA"]
[PlyCount "163"]
[EventDate "2018.08.20"]
[EventType "swiss"]
[EventCountry "LAT"]
[SourceTitle "playchess.com"]
[Source "ChessBase"]
[SourceQuality "1"]

{[%evp 24,163,15,12,23,13,37,5,6,6,0,0,13,6,15,15,14,0,28,24,25,19,81,87,83,98,92,89,97,93,95,99,106,80,91,81,151,163,157,143,166,169,156,144,189,188,190,100,110,96,183,181,183,182,210,200,361,368,370,342,422,415,477,261,267,255,270,270,256,207,207,216,208,185,208,216,208,215,222,226,419,279,286,285,412,355,404,216,211,218,213,205,196,197,298,231,333,327,492,490,462,427,514,471,513,483,560,584,724,711,772,745,735,679,881,865,891,886,878,885,880,877,851,717,686,572,975,1023,1152,1142,1093,1062,2053,1984,29978,29979,29979,29980,29977,29978,29977,12356]} 1. d4 Nf6 2. c4 g6 3. g3 Bg7 4. Bg2 d6 5. Nf3 O-O 6. O-O c5 7. Nc3 Nc6 8. dxc5 dxc5 9. Be3 Ng4 {E65: King's Indian: Fianchetto: 6...c5 7 0-0 without d5 by White} (9... Be6 10. Qa4 Nd4 11. Rad1 Bd7 12. Qa3 Nc2 13. Qxc5 b6 14. Qg5 h6 15. Qf4 g5 16. Qe5 Rc8 17. Nd5 Nxd5 18. Qxd5 Nxe3 19. fxe3 {½-½ (46) Le,Q (2739)-Jumabayev,R (2602) Ashkhabad 2017}) 10. Qxd8 Rxd8 11. Bxc5 Be6 12. h3 Nf6 13. Rfd1 {LiveBook: 3 Games} Bxc4 {[#]} 14. Nd2 $146 ({Predecessor:} 14. Nd4 Nxd4 15. Rxd4 Rxd4 16. Bxd4 Ne8 17. Bxg7 Kxg7 18. Bxb7 {½-½ (85) Bogosavljevic,B (2520)-Hansen,T (2448) Novi Sad 2016}) 14... Be6 15. Bxc6 bxc6 16. Bxe7 Rdb8 17. Ba3 Bxh3 18. Rac1 Be6 19. b3 Re8 20. Na4 Bd5 21. Kf1 Ng4 22. Bc5 Re5 (22... Bh6 $11 {keeps the balance.}) 23. f3 $1 $16 {[%cal Rf3g4]} Ne3+ 24. Bxe3 $1 Rxe3 25. Nc4 $36 {[%mdl 2048] Black is under strong pressure.} Bxc4 26. Rxc4 Rae8 27. Rd2 g5 28. Kf2 (28. Rxc6 $6 g4 $11) 28... h5 29. Rxc6 h4 (29... Bd4 $142 30. Kf1 (30. Rxd4 Rxe2+ 31. Kf1 Re1+ 32. Kg2 R8e2+ 33. Kh3 Rh1#) 30... Be5) 30. gxh4 $1 gxh4 31. Rc4 $1 Bh6 32. Rg4+ Kf8 33. Rc2 h3 34. Rh4 R3e6 {[#]} 35. Rxh3 (35. e4 $1 $18) 35... Be3+ 36. Kg2 Ke7 (36... Rg6+ $16 37. Rg3 Rge6) 37. Rc7+ $18 Kf6 38. Nc3 Rg8+ 39. Rg3 Rd8 $2 (39... Rxg3+ 40. Kxg3 Ke5) 40. Ne4+ Ke5 41. Rxf7 Rd1 42. Nf2 Rd2 {[#]} 43. Ng4+ (43. f4+ $142 $1 Kd6 (43... Bxf4 44. Nd3+) 44. f5 Bxf2 45. fxe6 (45. Kxf2 Rexe2+ 46. Kf3 Rf2+ 47. Kg4 Rxa2 $18)) 43... Kd6 44. Nxe3 Rxe3 {[%mdl 4096] Endgame KRR-KRR} 45. Rg6+ (45. Rxa7 Rexe2+ 46. Kh3 Rxa2 $18) 45... Kc5 46. Rf5+ (46. Rxa7 $6 Rexe2+ 47. Kh3 Rh2+ 48. Kg4 Rhg2+ 49. Kh5 Rh2+ 50. Kg5 Rhg2+ 51. Kh6 Rxa2 $18) 46... Kb4 47. Rg4+ Kc3 48. Rc4+ Kb2 49. Ra5 Rexe2+ 50. Kg3 Rd7 51. f4 {[%cal Bf3f4,Bf4f5][%mdl 32]} Rf7 $2 (51... Re3+ {keeps fighting.} 52. Kg4 Re1) 52. Rca4 Rg7+ 53. Kf3 Ree7 (53... Rgg2 $142 54. Rxa7 Rgf2+ 55. Kg4 Re8) 54. f5 Rgf7 55. Kf4 (55. Rf4 $142) 55... Re1 56. Re5 Rf1+ 57. Ke4 Rf8 {intending ...Re1+.} 58. Raa5 ({Worse is} 58. Rxa7 Re1+ 59. Kf4 Rf1+ 60. Kg3 Rg8+ 61. Kh2 Rf2+ 62. Kh3 Rf3+ 63. Kh2 Rf2+ 64. Kh3 Rf3+ 65. Kh2 Rf2+ $11) 58... Kc3 (58... Rf7 {was called for.} 59. Ra4 Rd7) 59. Ke3 ({Not} 59. Rxa7 Re1+ 60. Kf4 Rf1+ 61. Kg3 Rg8+ 62. Kh2 Rf2+ 63. Kh3 Rf3+ 64. Kh2 Rf2+ 65. Kh1 (65. Kh3 Rf3+ 66. Kh4 Rf1 $11) 65... Rf1+ 66. Kh2 Rf2+ $11) 59... Rf7 (59... Kb2 $142 60. Ke4 (60. Rxa7 Re1+ 61. Kf4 Rf1+ 62. Kg3 Rg8+ 63. Kh2 Rf2+ 64. Kh1 Rf1+ 65. Kh2 Rf2+ 66. Kh1 Rf1+ 67. Kh2 $11) 60... Rd8) 60. Ke2 Rf4 (60... Rh1 {might work better.} 61. Rec5+ Kb2) 61. Re3+ Kc2 62. Rf3 Rg4 63. Kf2 Kd2 64. f6 Rg6 65. Ra6 Rf8 66. b4 {[%cal Bb3b4,Bb4b5][%mdl 32]} Rf7 67. a4 Rh6 68. b5 Rg6 69. Rd6+ Kc2 70. Ke3 Kb3 71. Rf4 Rg3+ 72. Kf2 Rg6 73. Ra6 Rg8 74. Kf3 Rg5 75. Re6 Rg6 76. Ke4 Rh6 77. Kf5 Rh5+ 78. Kg6 Rfh7 79. Re3+ {White mates.} Kc2 80. Rf2+ Kd1 81. Ra3 {[%cal Ra3a1]} R5h6+ 82. Kf5 {Precision: White = 73%, Black = 34%.} 1-0

[Event "EYCC Open U12 2018"]
[Site "Riga"]
[Date "2018.08.27"]
[Round "7"]
[White "Mitusov, Semen"]
[Black "Silich, Yahor"]
[Result "1-0"]
[WhiteElo "2140"]
[BlackElo "2043"]
[Annotator "NA"]
[PlyCount "73"]
[EventDate "2018.08.20"]
[EventType "swiss"]
[EventCountry "LAT"]
[SourceTitle "playchess.com"]
[Source "ChessBase"]
[SourceQuality "1"]
[TimeControl "40/5400+30:1800+30"]

1. d4 {[%emt 0:00:00]} g6 {[%emt 0:00:00]} 2. e4 {[%emt 0:00:13]} Bg7 {[%emt 0:01:05]} 3. Nc3 {[%emt 0:00:21]} c5 {[%emt 0:00:54]} 4. d5 {[%emt 0:01:46]} d6 {[%emt 0:01:39]} 5. h3 {[%emt 0:01:32]} Nf6 {[%emt 0:04:14]} 6. Nf3 {[%emt 0:01:32]} O-O {[%emt 0:00:39]} 7. a4 {[%emt 0:02:04]} Na6 {[%emt 0:14:08]} 8. Be2 {[%emt 0:05:08]} Nc7 {[%emt 0:00:55]} 9. O-O {[%emt 0:02:41]} a6 {[%emt 0:02:08]} 10. Bf4 {[%emt 0:04:29]} b6 {[%emt 0:10:04]} 11. Re1 {[%emt 0:05:05]} Bb7 {[%emt 0:02:29]} 12. Bc4 {[%emt 0:02:51]} Re8 {[%emt 0:14:50]} 13. Qd2 {[%emt 0:04:08] LiveBook: 6 Games} Bh8 $16 {[%emt 0:15:46]} 14. Bh2 {[%emt 0:05:07]} Rf8 {[%emt 0:05:53]} 15. Rad1 {[%emt 0:04:54]} Rb8 {[%emt 0:04:18]} 16. Qe2 {[%emt 0:09:08]} Nh5 {[%emt 0:03:47]} 17. e5 {[%emt 0:03:21]} Ng7 {[%emt 0:01:54]} 18. Ne4 {[%emt 0:09:24]} Nge8 {[%emt 0:03:08]} 19. Nc3 {[%emt 0:07:08]} Ng7 {[%emt 0:00:41]} 20. g4 {[%emt 0:02:14]} h5 {[%emt 0:05:29]} 21. Ng5 {[%emt 0:01:00]} hxg4 {[%emt 0:04:53]} 22. hxg4 {[%emt 0:00:12]} Nge8 {[%emt 0:01:25]} 23. Qe3 {[%emt 0:01:49]} f6 {[%emt 0:00:21]} 24. exf6 {[%emt 0:02:39]} Bxf6 {[%emt 0:00:01]} 25. Nce4 {[%emt 0:00:49]} e5 {[%emt 0:01:13]} 26. dxe6 {[%emt 0:02:59]} d5 {[%emt 0:00:03]} 27. Nxf6+ {[%emt 0:02:00]} Qxf6 {[%emt 0:00:02]} 28. e7 {[%emt 0:00:35]} Rf7 {[%emt 0:01:22]} 29. Nxf7 {[%emt 0:02:58]} dxc4 {[%emt 0:00:05]} 30. Nd6 {[%emt 0:01:58]} Nd5 {[%emt 0:00:56]} 31. Nxe8 {[%emt 0:02:11]} Rxe8 {[%emt 0:00:01]} 32. Qe6+ {[%emt 0:00:40]} Qxe6 {[%emt 0:00:05]} 33. Rxe6 {[%emt 0:00:01]} Kf7 {[%emt 0:00:05]} 34. Rd6 {[%emt 0:03:00]} Nf6 {[%emt 0:01:15]} 35. Rxb6 {[%emt 0:02:36]} Bf3 {[%emt 0:00:32]} 36. Re1 {[%emt 0:00:24]} Nxg4 {[%emt 0:01:04]} 37. Rxa6 1-0

[Event "EYCC Open U12 2018"]
[Site "Riga"]
[Date "2018.08.27"]
[Round "7"]
[White "Rozen, Eytan"]
[Black "Sokolovsky, Yahli"]
[Result "0-1"]
[WhiteElo "2106"]
[BlackElo "2062"]
[Annotator "NA"]
[PlyCount "64"]
[EventDate "2018.08.20"]
[EventType "swiss"]
[EventCountry "LAT"]
[SourceTitle "playchess.com"]
[Source "ChessBase"]
[SourceQuality "1"]
[TimeControl "40/5400+30:1800+30"]

1. Nf3 {[%emt 0:00:00]} Nf6 {[%emt 0:00:00]} 2. b3 {[%emt 0:00:00]} g6 {[%emt 0:00:57]} 3. Bb2 {[%emt 0:00:00]} Bg7 {[%emt 0:00:06]} 4. e3 {[%emt 0:00:14]} O-O {[%emt 0:01:09]} 5. d4 {[%emt 0:00:24]} d6 {[%emt 0:01:09]} 6. Nbd2 {[%emt 0:01:12]} Nbd7 {[%emt 0:01:45]} 7. Be2 {[%emt 0:03:31]} b6 {[%emt 0:03:09]} 8. O-O {[%emt 0:00:58]} Bb7 {[%emt 0:00:18]} 9. c4 {[%emt 0:01:07]} Re8 {[%emt 0:03:35]} 10. Qc2 {[%emt 0:08:15]} e5 {[%emt 0:01:51]} 11. dxe5 {[%emt 0:04:41]} dxe5 {[%emt 0:02:17]} 12. Rfd1 {[%emt 0:07:04]} Qe7 {[%emt 0:02:16]} 13. Rac1 {[%emt 0:03:46]} a5 {[%emt 0:03:30]} 14. a4 {[%emt 0:03:25]} e4 {[%emt 0:06:51]} 15. Ne1 {[%emt 0:06:24]} Nc5 {[%emt 0:05:59]} 16. Nb1 {[%emt 0:02:13]} Bc8 $17 {[%emt 0:10:33]} 17. Bd4 {[%emt 0:06:33]} Bf5 {[%emt 0:09:39]} 18. Nc3 {[%emt 0:09:26]} c6 {[%emt 0:06:51]} 19. Rd2 {[%emt 0:06:01]} Bf8 {[%emt 0:04:22]} 20. Rcd1 {[%emt 0:04:53]} Ng4 {[%emt 0:02:52]} 21. g3 {[%emt 0:07:31]} Ne6 {[%emt 0:04:14]} 22. Ng2 {[%emt 0:09:04]} Ng5 {[%emt 0:03:20]} 23. Nf4 {[%emt 0:01:05]} Ne5 {[%emt 0:02:57]} 24. Bxe5 {[%emt 0:02:10]} Qxe5 {[%emt 0:00:01]} 25. h4 {[%emt 0:03:28]} Nf3+ {[%emt 0:01:51]} 26. Bxf3 {[%emt 0:00:06]} exf3 {[%emt 0:00:05]} 27. e4 {[%emt 0:01:06]} Bg4 {[%emt 0:02:09]} 28. Nd3 {[%emt 0:04:21]} Qe6 {[%emt 0:00:49]} 29. Re1 {[%emt 0:02:15]} Bh6 {[%emt 0:00:53]} 30. Rdd1 {[%emt 0:02:30]} Bh3 {[%emt 0:00:22]} 31. Nd5 {[%emt 0:01:11]} cxd5 {[%emt 0:00:35]} 32. cxd5 {[%emt 0:00:28]} Qg4 {[%emt 0:00:35]} 0-1

[Event "EYCC Open U12 2018"]
[Site "Riga"]
[Date "2018.08.27"]
[Round "7"]
[White "Piliposyan, Robert"]
[Black "Makoveev, Ilya"]
[Result "1/2-1/2"]
[WhiteElo "1975"]
[BlackElo "2249"]
[Annotator "TA"]
[PlyCount "137"]
[EventDate "2018.08.20"]
[EventType "swiss"]
[EventCountry "LAT"]
[SourceTitle "playchess.com"]
[Source "ChessBase"]
[SourceQuality "1"]

{[%evp 20,137,-40,-56,-31,-37,-33,-54,-19,-33,-12,-27,-9,-24,-15,-23,-18,-23,-22,-27,-25,-22,-22,-26,-11,-24,-10,-27,-10,-10,-10,-8,-6,-12,0,0,12,0,49,38,51,0,34,34,12,0,48,51,52,0,133,140,133,133,133,140,147,128,140,100,103,100,100,100,100,100,100,100,100,100,100,100,104,100,100,100,100,100,100,37,37,37,37,37,37,37,37,37,40,44,52,52,45,52,52,52,59,59,66,66,66,8,8,8,66,8,8,8,8,8,8,8,8,8,8,8,8,8,11,0]} 1. d4 Nf6 2. c4 e6 3. g3 d5 4. Nf3 dxc4 5. Qa4+ Nbd7 6. Qxc4 c5 7. Bg2 a6 8. O-O b5 9. Qc2 Bb7 10. e3 {E03: Open Catalan: 5 Qa4+ Nbd7 6 Qxc4} (10. Nc3 Rc8 11. dxc5 Bxc5 12. a3 O-O 13. Bd2 a5 14. b4 axb4 15. axb4 Bxb4 16. Qb2 Bxf3 17. Qxb4 Bxg2 18. Kxg2 Nb6 19. Rfd1 Nbd5 20. Qxb5 Rxc3 21. Bxc3 Nxc3 22. Rxd8 Nxb5 {0-1 (58) Gholami,A (2489)-Pourramezanali,A (2525) Amol 2018}) 10... Rc8 11. Qe2 {LiveBook: 4 Games} Be7 12. Rd1 $146 {Black is slightly better.} ({Predecessor:} 12. b3 O-O 13. Bb2 cxd4 14. Bxd4 Qc7 15. Nbd2 Ba3 16. Rab1 Qd6 17. Rfd1 Qe7 {½-½ (29) Soto,M (2113)-Mendoza,R (2289) Medellin 2018}) 12... Qc7 13. b3 O-O 14. Bb2 Rfd8 15. Nbd2 Qb8 16. Rac1 Qa8 17. Ne1 cxd4 18. Bxb7 Qxb7 19. Bxd4 e5 20. Bb2 e4 21. Nb1 Nf8 22. Rxd8 Rxd8 23. Rd1 Rxd1 24. Qxd1 Ne6 25. Nc3 h5 26. h4 b4 27. Ne2 Nd5 28. Qc2 f5 29. Qc4 $36 {[%mdl 2048] White has some pressure.} Kf7 30. Ng2 (30. Nd4 $14) 30... Nb6 31. Qc2 Qc7 32. Qd1 {[#] And now Nef4 would win.} Qd7 33. Nd4 g6 34. Qe2 (34. Qf1 $1 $14) 34... Nxd4 (34... Nc5 $11 {keeps the balance.}) 35. Bxd4 $16 Nd5 36. Qxa6 Qe6 37. Qa8 Bf8 38. Qb7+ Ke8 39. Nf4 Nxf4 40. exf4 Qd7 41. Qb8+ Kf7 42. Qe5 {Hoping for Qf6+.} Qd6 43. Qh8 Qe6 44. Qh7+ Ke8 45. Qa7 Qd7 46. Qb6 Qd6 {[#]} 47. Qb5+ $1 Kf7 48. Qc4+ Qe6 49. Kf1 (49. Qc7+ $16 Be7 50. Bb6) 49... Qxc4+ $1 $14 50. bxc4 {[%mdl 4096] Endgame KB-KB} Ke6 51. Ke2 Kd7 52. f3 exf3+ 53. Kxf3 Kc6 54. Ke3 Be7 55. Kd2 Bd6 56. Kc2 Be7 57. Kd3 Bc5 58. Be3 Be7 59. Kc2 Bd6 60. Bd2 (60. Bf2 $14) 60... Bc5 $1 $11 61. Be1 Kc7 ({Black should play} 61... Bg1 $11) 62. Kb3 (62. Kd3 $14) 62... Kc6 {The position is equal.} 63. Ka4 {Strongly threatening Ka5.} Kb6 $1 64. Bxb4 Bf2 65. Be7 Bxg3 66. Bg5 Kc5 67. Kb3 Be1 68. Bf6 Bd2 69. Be5 {Precision: White = 47%, Black = 55%.} 1/2-1/2

[Event "EYCC Open U12 2018"]
[Site "Riga"]
[Date "2018.08.28"]
[Round "8"]
[White "Makoveev, Ilya"]
[Black "Grebnev, Aleksey"]
[Result "1-0"]
[WhiteElo "2249"]
[BlackElo "2143"]
[Annotator "NA RC"]
[PlyCount "71"]
[EventDate "2018.08.20"]
[EventType "swiss"]
[EventCountry "LAT"]
[SourceTitle "playchess.com"]
[Source "ChessBase"]
[SourceQuality "1"]
[TimeControl "40/5400+30:1800+30"]

1. d4 {[%emt 0:00:00]} Nf6 {[%emt 0:00:00]} 2. c4 {[%emt 0:00:30]} g6 {[%emt 0:00:12]} 3. g3 {[%emt 0:00:45]} Bg7 {[%emt 0:00:40]} 4. Bg2 {[%emt 0:00:08]} O-O {[%emt 0:00:43]} 5. Nc3 {[%emt 0:00:20]} d6 {[%emt 0:00:23]} 6. Nf3 {[%emt 0:00:38]} Nc6 {[%emt 0:00:33]} 7. O-O {[%emt 0:00:29]} Bf5 {[%emt 0:01:33]} 8. d5 {[%emt 0:00:56]} Na5 {[%emt 0:01:11]} 9. Nd4 {[%emt 0:00:32]} Bd7 {[%emt 0:06:15]} 10. b3 {[%emt 0:00:42]} c5 {[%emt 0:08:34]} 11. dxc6 {[%emt 0:01:19]} Nxc6 {[%emt 0:02:47]} 12. Bb2 {[%emt 0:00:59]} Qa5 {[%emt 0:09:56]} 13. Rc1 {[%emt 0:03:12]} Rac8 {[%emt 0:05:21] E60: King's Indian: Unusual lines and Fianchetto Variation without Nc3} 14. e3 {[%emt 0:06:00]} a6 {[%emt 0:05:52] LiveBook: 10 Games} 15. a3 {[%emt 0:15:49]} Nxd4 {[%emt 0:06:49]} 16. exd4 {[%emt 0:02:24] [#]} b5 $146 {[%emt 0:04:15]} ({Predecessor:} 16... Bc6 17. b4 Qd8 18. d5 Bd7 19. Ne2 a5 20. c5 axb4 21. c6 bxa3 22. cxd7 {½-½ (38) Ftacnik,L (2544)-Hracek,Z (2625) Czechia 2009}) 17. b4 {[%emt 0:05:53]} Qd8 {[%emt 0:01:16]} 18. c5 {[%emt 0:02:01]} Bg4 {[%emt 0:01:07]} 19. Qb3 {[%emt 0:24:14]} dxc5 {[%emt 0:01:57]} 20. bxc5 {[%emt 0:01:16]} Qxd4 $2 {[%emt 0:06:27]} (20... Bf5 $14) 21. Nd5 {[%emt 0:04:59]} Qd2 {[%emt 0:14:16]} 22. Nxe7+ {[%emt 0:04:16]} Kh8 {[%emt 0:00:02]} 23. Nxc8 {[%emt 0:00:24]} Bxc8 {[%emt 0:00:02]} 24. Rfd1 {[%emt 0:00:53]} Qe2 {[%emt 0:01:10]} 25. Re1 {[%emt 0:02:04]} Qh5 {[%emt 0:00:10]} 26. c6 {[%emt 0:02:10]} Kg8 {[%emt 0:00:33]} 27. c7 {[%emt 0:02:37]} Qf5 {[%emt 0:01:51]} 28. Qf3 {[%emt 0:01:10]} Qg5 {[%emt 0:00:46]} 29. h4 {[%emt 0:00:33]} Qf5 {[%emt 0:00:13]} 30. Qxf5 {[%emt 0:00:35]} gxf5 $18 {[%emt 0:00:01]} 31. Red1 {[%emt 0:00:46]} Nd7 {[%emt 0:00:28]} 32. Bxg7 {[%emt 0:00:26]} Kxg7 {[%emt 0:00:07]} 33. Bb7 {[%emt 0:03:32]} Bxb7 {[%emt 0:00:50]} 34. Rxd7 {[%emt 0:00:01]} Bc8 {[%emt 0:00:02]} 35. Rd8 {[%emt 0:00:18]} f6 {[%emt 0:00:04]} 36. Rcd1 {[%emt 0:00:30]} 1-0

[Event "EYCC Open U12 2018"]
[Site "Riga"]
[Date "2018.08.28"]
[Round "8"]
[White "Chyzy, Jakub"]
[Black "Tyurin, Artem"]
[Result "1-0"]
[WhiteElo "2143"]
[BlackElo "2002"]
[Annotator "TA"]
[PlyCount "123"]
[EventDate "2018.08.20"]
[EventType "swiss"]
[EventCountry "LAT"]
[SourceTitle "playchess.com"]
[Source "ChessBase"]
[SourceQuality "1"]

{[%evp 34,123,-43,-50,-34,-41,-58,-50,-63,-62,-60,-99,0,0,85,0,38,19,66,0,53,64,44,50,62,30,24,-12,-14,-43,122,107,110,115,150,140,156,0,0,0,39,33,141,0,0,0,0,0,0,0,0,0,0,0,0,0,0,0,-8,0,-6,-118,-63,-229,-235,-227,-8,-37,0,-229,0,-89,0,-111,-45,-243,-260,-239,-37,-229,-37,-49,-17,0,29971,29971,29971,29972,29970,29973,29971,29972]} 1. e4 c5 2. Nf3 d6 3. d4 Nf6 4. Nc3 cxd4 5. Qxd4 Nc6 6. Bb5 Bd7 7. Bxc6 Bxc6 8. Bg5 e6 9. O-O-O Be7 10. Rhe1 O-O 11. Kb1 Qc7 12. Qd2 Rfd8 13. Nd4 Rab8 14. f3 b5 15. g4 b4 {B53: Sicilian: 2...d6: Lines with Qxd4} 16. Nce2 Ba8 (16... a5 17. Ng3 Rdc8 18. h4 Ba4 19. Rc1 Bd7 20. Nh5 a4 21. Bxf6 Bxf6 22. Nxf6+ gxf6 23. g5 {1-0 (32) Zhigalko,S (2671)-Kozul,Z (2613) Tallinn 2016}) 17. Ng3 a5 18. Nh5 {LiveBook: 3 Games} Ne8 19. h4 a4 20. Bxe7 Qxe7 21. g5 g6 22. Ng3 b3 $146 ({Black should play} 22... e5 $17 23. Nde2 d5 24. exd5 Bxd5) ({Predecessor:} 22... e5 23. Nde2 d5 24. exd5 Bxd5 25. Qe3 Be6 26. Nc1 Rbc8 {½-½ (26) Peptan,C (2460)-Berndt,S (2360) Berlin 1997}) 23. cxb3 $11 axb3 (23... e5 $11 {keeps the balance.}) 24. a3 ({Reject} 24. axb3 e5 $15) (24. Nxb3 $16 Nc7 25. f4) 24... Rdc8 (24... e5 $5 25. Nde2 $8 Nc7 $11) 25. Rc1 e5 26. Nde2 (26. Rxc8 $14 Rxc8 27. Nxb3) 26... Rc2 (26... h5 $11) 27. Rxc2 $14 bxc2+ 28. Qxc2 Nc7 29. Nc3 Ne6 30. Nge2 Qa7 31. Ka2 Nc5 $2 (31... Qf2 $15 {stays ahead.} 32. Rd1 Qxh4) 32. Rd1 $1 $16 Qa6 33. Nc1 $1 Qc4+ 34. b3 Qa6 35. Nd5 $2 (35. Kb2 $16) 35... Bxd5 $1 $11 36. Rxd5 Ra8 37. a4 Rc8 (37... Ne6 $1 $14) 38. Qb2 (38. Qd1 $1 $16) 38... Qf1 39. Rxd6 Qxf3 40. Qe2 Qxe2+ 41. Nxe2 {Black must now prevent Nc3.} Nxe4 {[%mdl 4096] Endgame KRN-KRN} 42. Rd5 Rc2+ 43. Ka3 Rxe2 44. Rxe5 {Strongly threatening a5. KRN-KR} f6 45. Re7 f5 46. a5 Kf8 47. Re5 (47. Rxh7 $11 Re1 48. Kb2) 47... Re1 (47... Rc2 $17 48. b4 Nd6) 48. Kb4 $2 (48. Kb2 $1 $15 Re2+ 49. Ka3) 48... Ra1 $19 49. Kb5 Nc3+ $2 ({Better is} 49... Nd6+ $1 $19 50. Kb6 Ra3) 50. Kc4 Ne4 $2 (50... Nb1 $15) 51. Kb5 $1 Nc3+ (51... Nd6+ $1 $19 {has better winning chances.} 52. Kc6 Nf7) 52. Kc4 $17 {[#]} Ne4 (52... Nd1 $1 $17 {Threatens to win with ...f4.} 53. b4 Kf7) 53. b4 (53. Kb5 $1 $11 {was the only way to keep the balance.}) 53... Rc1+ (53... Kf7 $17 54. Kb5 Ra2) 54. Kb5 $2 (54. Kd5 $1 $15) 54... Nd6+ $19 55. Ka6 Rc6+ 56. Ka7 {[#]} Rc7+ $2 ({Black should try} 56... f4 $1 $19 {...f3 is the strong threat.} 57. Re1 Rc4) 57. Kb6 $15 Rc3 58. Rc5 $1 {[%cal Rc5c3]} Rc4 $2 {[%mdl 8192]} (58... Ra3 $11) 59. Rxc4 {White mates.} Nxc4+ 60. Kc5 Ne5 61. a6 Nd7+ 62. Kb5 {Precision: White = 50%, Black = 36%.} 1-0

[Event "EYCC Open U12 2018"]
[Site "Riga"]
[Date "2018.08.28"]
[Round "8"]
[White "Sokolovsky, Yahli"]
[Black "Mitusov, Semen"]
[Result "0-1"]
[WhiteElo "2062"]
[BlackElo "2140"]
[Annotator "TA"]
[PlyCount "102"]
[EventDate "2018.08.20"]
[EventType "swiss"]
[EventCountry "LAT"]
[SourceTitle "playchess.com"]
[Source "ChessBase"]
[SourceQuality "1"]

{[%evp 12,102,25,-22,-20,-29,-18,-6,0,6,37,45,32,0,51,-29,-31,-21,-17,-33,0,-26,0,0,0,0,0,0,0,0,0,0,0,0,0,0,0,-42,-9,-14,-13,-16,-26,-30,-36,-54,-41,-497,-361,-370,-375,-371,-377,-373,-371,-364,-363,-391,-390,-378,-287,-664,-648,-675,-661,-639,-606,-581,-598,-568,-550,-592,-570,-602,-575,-700,-695,-645,-649,-917,-916,-1235,-1152,-5237,-5193,-5114,-5023,-4133,-2864,-1791,-1650,-29984,-29985]} 1. e4 e5 2. Nf3 Nc6 3. Bb5 a6 4. Bxc6 dxc6 5. O-O f6 6. d4 exd4 {C69: Ruy Lopez: Exchange Variation with 5 0-0 f6} 7. e5 {LiveBook: 4 Games} (7. Nxd4 c5 8. Ne2 Qxd1 9. Rxd1 Bd7 10. Nbc3 O-O-O 11. Be3 b6 12. a4 Re8 13. Rd2 Bc6 14. Rad1 Be7 15. a5 b5 16. Nf4 b4 17. Ncd5 Bd6 18. Nb6+ Kb8 19. Rxd6 cxd6 20. Rxd6 {1-0 (56) Naiditsch,A (2697)-Boruchovsky,A (2558) Jerusalem 2018}) 7... Bg4 8. Re1 {[#] aiming for exf6+.} Be7 {Black has an edge.} 9. h3 Bxf3 10. Qxf3 fxe5 $146 ({Predecessor:} 10... Qd5 11. Qg3 fxe5 12. Rxe5 Qf7 13. Re4 O-O-O 14. Qg4+ {0-1 (53) Lukosius,R-Petraitis,G (2028) Plunge 2009}) 11. Qh5+ Kf8 12. Qxe5 Bf6 ({Black should try} 12... Bd6 $11 13. Qf5+ Qf6) 13. Qe4 (13. Qe2 $14) 13... Qe7 14. Bf4 Qxe4 15. Rxe4 d3 16. c3 Rd8 17. Nd2 Rd7 18. Nb3 b6 19. Rd1 Ne7 20. Nc1 Kf7 21. Rxd3 Rhd8 22. Rxd7 Rxd7 23. Kf1 g5 24. Be3 Nf5 {Hoping for ...Rd1+.} 25. Ke2 Nd6 $36 {[%mdl 2048] Black is pushing.} 26. Rg4 Re7 27. Ra4 a5 28. Nd3 c5 {[%cal Bc6c5,Bc5c4][%mdl 32]} 29. b4 $2 {[%mdl 8192]} ({Better is} 29. Ne1 $15) 29... c4 30. bxa5 {[#]} b5 $1 ({Weaker is} 30... cxd3+ 31. Kxd3 Rd7 32. Kc2 $17) 31. Ra3 {Black must now prevent Nb4.} cxd3+ 32. Kxd3 {intending a6.} Nc4 33. Rb3 c6 ({Not} 33... Nxa5 34. Rxb5 Rd7+ 35. Ke2 $17) 34. a6 Nxe3 35. fxe3 $19 {[%mdl 4096] Endgame KRB-KR} Ra7 36. Ra3 $2 (36. a4) 36... Ke6 37. c4 Be7 38. Rb3 bxc4+ 39. Kxc4 Rxa6 40. Rb2 Ra3 41. Rc2 Ke5 42. e4 Re3 43. Rb2 Rxe4+ 44. Kd3 Ra4 45. Rb8 Rxa2 46. Rh8 Rxg2 47. Rxh7 Bf6 48. Kc4 Rc2+ 49. Kd3 Rh2 50. Kc4 Ke6 51. Rh5 Kf7 {Precision: White = 44%, Black = 59%.} 0-1